<?xml version="1.0" encoding="UTF-8"?><?xml-stylesheet type="text/xsl" href="static/style.xsl"?><OAI-PMH xmlns="http://www.openarchives.org/OAI/2.0/" xmlns:xsi="http://www.w3.org/2001/XMLSchema-instance" xsi:schemaLocation="http://www.openarchives.org/OAI/2.0/ http://www.openarchives.org/OAI/2.0/OAI-PMH.xsd"><responseDate>2026-04-14T04:36:03Z</responseDate><request verb="GetRecord" identifier="oai:www.recercat.cat:2117/188195" metadataPrefix="marc">https://recercat.cat/oai/request</request><GetRecord><record><header><identifier>oai:recercat.cat:2117/188195</identifier><datestamp>2025-07-23T04:58:28Z</datestamp><setSpec>com_2072_1033</setSpec><setSpec>col_2072_452951</setSpec></header><metadata><record xmlns="http://www.loc.gov/MARC21/slim" xmlns:dcterms="http://purl.org/dc/terms/" xmlns:xsi="http://www.w3.org/2001/XMLSchema-instance" xmlns:doc="http://www.lyncode.com/xoai" xsi:schemaLocation="http://www.loc.gov/MARC21/slim http://www.loc.gov/standards/marcxml/schema/MARC21slim.xsd">
   <leader>00925njm 22002777a 4500</leader>
   <datafield ind2=" " ind1=" " tag="042">
      <subfield code="a">dc</subfield>
   </datafield>
   <datafield ind2=" " ind1=" " tag="720">
      <subfield code="a">Araguz Sánchez, Eva</subfield>
      <subfield code="e">author</subfield>
   </datafield>
   <datafield ind2=" " ind1=" " tag="260">
      <subfield code="c">2005-04</subfield>
   </datafield>
   <datafield ind2=" " ind1=" " tag="520">
      <subfield code="a">El proyecto responde al plan de Mejora Urbana para la ordenación de la dotación de viviendas para jóvenes.&#xd;
Lo que se pretende desde el Ayuntamiento con este plan es establecer las condiciones urbanísticas para hacer posible las condiciones de renta asequibles, destinadas expresamente para la gente joven y así facilitar a este colectivo el acceso a una primera vivienda dentro de la ciudad.&#xd;
&#xd;
La obra objeto de este seguimiento es un edificio de 51 viviendas, con dos plantas sótano destinadas a plazas de parking y trasteros, planta baja con local comercial, sala polivalente y viviendas y 6 plantas piso también destinadas a viviendas.&#xd;
El edificio se compone de dos bloques perpendiculares entre sí, que se encuentran unidos por la zona de entrada a viviendas y el hueco del ascensor.</subfield>
   </datafield>
   <datafield tag="653" ind2=" " ind1=" ">
      <subfield code="a">Àrees temàtiques de la UPC::Edificació::Gestió d'obres::Planificació i programació d'obres</subfield>
   </datafield>
   <datafield tag="653" ind2=" " ind1=" ">
      <subfield code="a">Youth -- Dwellings</subfield>
   </datafield>
   <datafield tag="653" ind2=" " ind1=" ">
      <subfield code="a">Low-income housing</subfield>
   </datafield>
   <datafield tag="653" ind2=" " ind1=" ">
      <subfield code="a">Joves -- Habitatges</subfield>
   </datafield>
   <datafield tag="653" ind2=" " ind1=" ">
      <subfield code="a">Habitatges econòmics -- Catalunya -- Barcelona</subfield>
   </datafield>
   <datafield tag="653" ind2=" " ind1=" ">
      <subfield code="a">Habitatge dotacional</subfield>
   </datafield>
   <datafield ind2="0" ind1="0" tag="245">
      <subfield code="a">PFC basado en el desarrollo y seguimiento de la ejecución de obra de 51 viviendas para jóvenes</subfield>
   </datafield>
</record></metadata></record></GetRecord></OAI-PMH>